[Event "LJEM M-V 2025 u14"]
[Site "Malchow"]
[Date "2025.02.05"]
[Round "7.7"]
[White "Lange, Friedrich"]
[Black "Blödorn, Ben"]
[Result "1/2-1/2"]
[WhiteElo "900"]
[BlackElo "849"]
[Time "08:30:00"]
[WhiteTeam "TSG Neustrelitz"]
[BlackTeam "SV Empor Kühlungsborn"]

1.d4 Nf6 2.Bf4 g6 3.Nf3 Bg7 4.Nc3 O-O 5.e4 d6 6.Bd3 Bg4 7.h3 Bxf3 8.Qxf3 
Nbd7 9.O-O e5 10.dxe5 Nxe5 11.Bxe5 dxe5 12.Rfd1 Qe7 13.Nb5 a6 14.Nc3 Qb4 
15.Rab1 Rad8 16.Qg3 Rfe8 17.a3 Qb6 18.b3 Qc6 19.Ne2 Nxe4 20.Bxe4 Qxe4 21.
Rxd8 Rxd8 22.Qg5 Re8 23.Qd2 c5 24.Re1 b5 25.Qc3 Qc6 26.b4 e4 27.Qxc5 Qxc5 
28.bxc5 Rc8 29.Nf4 f5 30.Ne6 Be5 31.f4 Bb2 32.Rb1 Bxa3 33.Ra1 Bxc5+ 34.
Nxc5 Rxc5 35.Rxa6 Rxc2 36.Rb6 Rb2 37.Kf1 e3 38.g3 Rh2 39.h4 Kg7 40.Rxb5 
Kh6 41.Re5 1/2-1/2

[Event "LJEM M-V 2025 u14"]
[Site "Malchow"]
[Date "2025.02.05"]
[Round "7.8"]
[White "Lott, Konstantin"]
[Black "Vuong, Qui Long"]
[Result "1-0"]
[WhiteElo "1036"]
[BlackElo "916"]
[Time "08:30:00"]
[WhiteTeam "Think Rochade - SC HRO"]
[BlackTeam "TSG Neustrelitz"]

1.e4 e5 2.Nf3 Nc6 3.Bc4 Nf6 4.d3 Bc5 5.Bg5 h6 6.Bh4 O-O 7.Nc3 Be7 8.O-O 
Nd4 9.Bxf6 Bxf6 10.h3 c6 11.Re1 d6 12.Nxd4 exd4 13.Ne2 d5 14.exd5 cxd5 15.
Bb3 Qd6 16.Ng3 Be6 17.Qf3 Rae8 18.Ba4 Bd7 19.Bxd7 Qxd7 20.Nh5 Bg5 21.Qg3 
g6 22.h4 Bd8 23.Qf4 Kh7 24.Nf6+ Bxf6 25.Qxf6 Re6 26.Rxe6 Qxe6 27.Qxd4 b6 
28.Qb4 Re8 29.Kf1 Qe2+ 30.Kg1 Qxc2 31.Qc3 Qxc3 32.bxc3 Rc8 33.Rc1 d4 34.c4
Kg7 35.f3 Kf6 36.Kf2 Kf5 37.g3 h5 38.Re1 Rc7 39.Re4 Kf6 40.Rxd4 Re7 41.
Rf4+ Kg7 42.Re4 Re6 43.Ke3 Kf6 44.Rxe6+ fxe6 45.Ke4 a6 46.a4 a5 47.d4 Ke7 
1-0

[Event "LJEM M-V 2025 u14"]
[Site "Malchow"]
[Date "2025.02.05"]
[Round "7.9"]
[White "Zielke, Finn"]
[Black "Lipkowski, Calvin"]
[Result "1/2-1/2"]
[WhiteElo "769"]
[BlackElo "927"]
[Time "08:30:00"]
[WhiteTeam "SC Mecklenburger Springer"]
[BlackTeam "SAV Torgelow-Drögeheide 90"]

1.e4 e5 2.Nf3 Nc6 3.Nc3 Nf6 4.Bb5 a6 5.Bxc6 dxc6 6.O-O Bg4 7.d3 Bc5 8.Qd2 
Bxf3 9.gxf3 h6 10.f4 exf4 11.Qxf4 Bd6 12.e5 Nh5 13.Qe4 Be7 14.Qg4 g6 15.
Ne4 Qd4 16.Nf6+ Bxf6 17.Qxd4 Rd8 18.Qe4 Bg5 19.Bxg5 hxg5 20.e6 Kf8 21.e7+ 
Ke8 22.Rae1 Rd7 23.h4 Nf6 24.Qe5 Rxh4 25.Qxf6 Rg4+ 26.Kh1 Rh4+ 27.Kg2 Rg4+
28.Kf3 Rf4+ 29.Qxf4 gxf4 30.Rh1 Rxe7 31.Rh8+ Kd7 32.Reh1 Kd6 33.Kxf4 Re2 
34.Rd8+ Kc5 35.d4+ Kb6 36.Kf3 Rxc2 37.Rb1 c5 38.d5 Rd2 39.Rd7 f6 40.a3 
Rd3+ 41.Ke2 Rd4 42.Ke3 g5 43.Rc1 f5 44.b4 Re4+ 45.Kd3 c4+ 46.Rxc4 Rxc4 47.
Kxc4 c6 48.Rd6 Kc7 49.Kc5 b6+ 50.Kd4 Kxd6 51.a4 c5+ 52.bxc5+ bxc5+ 53.Kc4 
1/2-1/2

[Event "LJEM M-V 2025 u16"]
[Site "Malchow"]
[Date "2025.02.01"]
[Round "1.1"]
[White "Briese, Paul"]
[Black "Herrmann, Jakob"]
[Result "0-1"]
[WhiteElo "1607"]
[BlackElo "2255"]
[Time "14:30:00"]
[WhiteTeam "SAV Torgelow-Drögeheide 90"]
[BlackTeam "SAV Torgelow-Drögeheide 90"]

1.e4 c6 2.d4 d5 3.Nc3 dxe4 4.Nxe4 Nf6 5.Nxf6+ exf6 6.c3 Bd6 7.Bd3 O-O 8.
Qc2 Re8+ 9.Ne2 h5 10.O-O h4 11.Be3 Nd7 12.Qd2 Nf8 13.Bf4 h3 14.Bxd6 Qxd6 
15.Qf4 Qd5 16.Qg3 Ng6 17.gxh3 Bf5 18.Rfe1 Bxd3 19.Qxd3 Nh4 20.Nf4 Nf3+ 21.
Kf1 Nxh2+ 22.Kg1 Nf3+ 23.Kf1 Nxe1 24.Nxd5 Nxd3 25.Nc7 Nxb2 26.Nxa8 Rxa8 
27.Rb1 Na4 0-1

[Event "LJEM M-V 2025 u16"]
[Site "Malchow"]
[Date "2025.02.01"]
[Round "1.2"]
[White "Brandt, Mattis"]
[Black "Troschke, Bennet"]
[Result "1-0"]
[WhiteElo "1568"]
[BlackElo "1387"]
[Time "14:30:00"]
[WhiteTeam "Greifswalder SV"]
[BlackTeam "Greifswalder SV"]

1.e4 e6 2.d4 d5 3.e5 c5 4.c3 Qb6 5.Nf3 Nc6 6.Bd3 Bd7 7.Bc2 cxd4 8.cxd4 
Bb4+ 9.Nc3 Nge7 10.a3 Bxc3+ 11.bxc3 Qc7 12.O-O Na5 13.Qd3 a6 14.a4 Rc8 15.
Bb2 Nc4 16.Ba3 Ng6 17.Ng5 Qd8 18.f4 Nxa3 19.Rxa3 Nxf4 20.Rxf4 Qxg5 21.Qf3 
Qe7 22.Ra1 h6 23.Rf1 Rf8 24.Bg6 Bxa4 25.Rxf7 Rxf7 26.Bxf7+ Kd8 27.Qg4 Bd7 
28.Qxg7 Qg5 29.Qf8+ Kc7 30.Qd6+ Kd8 31.Bxe6 1-0

[Event "LJEM M-V 2025 u16"]
[Site "Malchow"]
[Date "2025.02.01"]
[Round "1.3"]
[White "Tadewaldt, Stanley Fiete"]
[Black "Peilert, Maximilian"]
[Result "0-1"]
[WhiteElo "1279"]
[BlackElo "1742"]
[Time "14:30:00"]
[WhiteTeam "SAV Torgelow-Drögeheide 90"]
[BlackTeam "Think Rochade - SC HRO"]

1.e4 c6 2.d4 d5 3.exd5 cxd5 4.Bd3 Nc6 5.c3 Nf6 6.h3 e5 7.dxe5 Nxe5 8.Bb5+ 
Bd7 9.Bxd7+ Qxd7 10.Nf3 Nxf3+ 11.Qxf3 O-O-O 12.O-O Bc5 13.b4 Bb6 14.a4 
Rhe8 15.Nd2 Ne4 16.Nxe4 dxe4 17.Qh5 Bc7 18.Qxh7 Be5 19.Qh5 Bxc3 20.Qe5 Qc7
21.Qxc7+ Kxc7 22.Bf4+ Kb6 23.Rac1 Rd3 24.Be3+ Bd4 25.Bxd4+ Rxd4 26.Rb1 Rc8
27.Rfd1 Rcc4 28.Rxd4 Rxd4 29.Kf1 Kc6 30.Ke2 Kd5 31.f3 exf3+ 32.Kxf3 Kc4 
33.Ke3 Rd3+ 34.Ke4 Rg3 35.b5 Rxg2 36.Rc1+ Kb4 37.Rc7 Kxa4 38.Rxb7 f6 39.
Kf3 Rg1 40.Kf2 Rg6 41.h4 Kb4 42.b6 axb6 43.Rxb6+ Kc5 44.Re6 Rg4 45.Re7 Kd6
46.Kf3 Kxe7 47.Kxg4 Ke6 48.h5 Ke5 49.Kg3 Kf5 0-1

[Event "LJEM M-V 2025 u16"]
[Site "Malchow"]
[Date "2025.02.01"]
[Round "1.4"]
[White "Natsagdorj, Zelme"]
[Black "König, Luca"]
[Result "1-0"]
[WhiteElo "1738"]
[BlackElo "1246"]
[Time "14:30:00"]
[WhiteTeam "SC Mecklenburger Springer"]
[BlackTeam "Think Rochade - SC HRO"]

1.Nf3 c5 2.g3 d6 3.Bg2 Nc6 4.O-O g6 5.d3 Bg7 6.Nbd2 Nf6 7.e4 O-O 8.Re1 Bd7
9.Nc4 b5 10.Ne3 e6 11.c3 b4 12.Qc2 Rb8 13.Nf1 Ne8 14.Bf4 bxc3 15.bxc3 e5 
16.Be3 Nc7 17.N3d2 Ne6 18.Nc4 Qc7 19.Rab1 Rxb1 20.Rxb1 Rb8 21.Rb3 Rxb3 22.
Qxb3 a5 23.Nfd2 1-0

[Event "LJEM M-V 2025 u16"]
[Site "Malchow"]
[Date "2025.02.01"]
[Round "1.5"]
[White "Pommerehncke, Marla"]
[Black "Eschrig, Immanuel"]
[Result "1/2-1/2"]
[WhiteElo "1219"]
[BlackElo "1701"]
[Time "14:30:00"]
[WhiteTeam "TuS Makkabi Rostock"]
[BlackTeam "Greifswalder SV"]

1.d4 Nc6 2.Nf3 d6 3.Bf4 Nf6 4.e3 g6 5.h3 Bg7 6.c3 O-O 7.Be2 Re8 8.Nbd2 e5 
9.dxe5 dxe5 10.Bh2 e4 11.Nd4 Nxd4 12.cxd4 Nd5 13.O-O Qg5 14.Bg3 Nxe3 15.
fxe3 Qxg3 16.Qb3 Be6 17.Bc4 Bxh3 18.Bxf7+ Kh8 19.Rf2 Rf8 20.Raf1 Bf5 21.
Re1 b6 22.Nf1 Qg5 23.Ree2 Rad8 24.Be6 Bxe6 25.Qxe6 Rxf2 26.Rxf2 Qb5 27.
Qxe4 Re8 28.Qf4 1/2-1/2

[Event "LJEM M-V 2025 u16"]
[Site "Malchow"]
[Date "2025.02.01"]
[Round "1.6"]
[White "Grundmann, Max"]
[Black "Garde, Edgar Emil"]
[Result "1-0"]
[WhiteElo "1546"]
[BlackElo "1214"]
[Time "14:30:00"]
[WhiteTeam "Think Rochade - SC HRO"]
[BlackTeam "TuS Makkabi Rostock"]

1.d4 Nf6 2.c4 g6 3.Nc3 Bg7 4.e4 d6 5.f3 O-O 6.Be3 Nbd7 7.Qd2 c6 8.g4 e5 9.
d5 cxd5 10.cxd5 b6 11.Nge2 h6 12.Bxh6 Nh7 13.h4 f5 14.Bxg7 Kxg7 15.gxf5 
gxf5 16.O-O-O f4 17.Bh3 Nc5 18.Be6 Ba6 19.Rhg1+ Kf6 20.Rg2 Bc4 21.Rdg1 
Nxe6 22.Rg6+ Ke7 23.Rxe6+ Kf7 24.Rgg6 Qxh4 25.Rh6 Qf2 26.Rxh7+ Kg8 27.Ree7
Rfc8 28.Qd1 Qe3+ 29.Kb1 Bd3+ 30.Ka1 Bxe2 31.Rh8+ Kxh8 32.Qh1+ Kg8 33.Qh7+ 
1-0

[Event "LJEM M-V 2025 u16"]
[Site "Malchow"]
[Date "2025.02.01"]
[Round "1.7"]
[White "Wrage, Julius"]
[Black "Tank, Julian"]
[Result "1-0"]
[WhiteElo "1208"]
[BlackElo "1685"]
[Time "14:30:00"]
[WhiteTeam "SAV Torgelow-Drögeheide 90"]
[BlackTeam "Think Rochade - SC HRO"]

1.e4 c5 2.c3 d5 3.exd5 Qxd5 4.d4 cxd4 5.cxd4 Nc6 6.Nf3 Bg4 7.Nc3 Qd8 8.d5 
Nb8 9.Be2 Nf6 10.Bf4 a6 11.O-O g6 12.Rc1 Bg7 13.Qd2 O-O 14.Rfd1 Nbd7 15.
Qe3 Re8 16.h3 Bxf3 17.Bxf3 Rc8 18.g4 Nb6 19.g5 Nc4 20.Qe2 Nd7 21.h4 Nce5 
22.h5 Nxf3+ 23.Qxf3 Ne5 24.Bxe5 Bxe5 25.hxg6 hxg6 26.Kg2 e6 27.Qg4 exd5 
28.Rxd5 Qxd5+ 29.Nxd5 Rxc1 30.Qe4 Re6 31.Qb4 Rc2 32.Qxb7 Rxb2 33.Qc8+ Kg7 
34.Qd8 Bd4 35.Ne7 Rxe7 36.Qxd4+ Kf8 37.Qxb2 Re6 38.Qb8+ Kg7 39.Qb2+ Kf8 
40.f4 Ke7 41.Kg3 Kf8 42.Kg4 Ke7 43.f5 gxf5+ 44.Kxf5 Rg6 45.Qb7+ Ke8 46.a4 
Kf8 47.Qd7 Kg8 48.a5 Kf8 49.Qd8+ Kg7 50.Qb6 Kh7 51.Qxg6+ fxg6+ 52.Kf6 Kh8 
53.Kxg6 Kg8 54.Kf6 Kf8 55.g6 Kg8 56.g7 1-0

[Event "LJEM M-V 2025 u16"]
[Site "Malchow"]
[Date "2025.02.01"]
[Round "1.8"]
[White "Chandrasekher, Ritu"]
[Black "Baerens, Lennart"]
[Result "1-0"]
[WhiteElo "1640"]
[BlackElo "1131"]
[Time "14:30:00"]
[WhiteTeam "TuS Makkabi Rostock"]
[BlackTeam "SF Schwerin"]

1.e4 e5 2.Nf3 Nc6 3.d4 exd4 4.Bc4 Bc5 5.Ng5 f6 6.Nf7 Qe7 7.O-O Ne5 8.Nxh8 
Nxc4 9.Qh5+ g6 10.Qd5 Ne5 11.Qxg8+ Qf8 12.Qxh7 g5 13.Ng6 Nxg6 14.Qxg6+ Ke7
15.e5 d6 16.exf6+ 1-0

[Event "LJEM M-V 2025 u16"]
[Site "Malchow"]
[Date "2025.02.02"]
[Round "2.1"]
[White "Herrmann, Jakob"]
[Black "Grundmann, Max"]
[Result "1-0"]
[WhiteElo "2255"]
[BlackElo "1546"]
[Time "08:30:00"]
[WhiteTeam "SAV Torgelow-Drögeheide 90"]
[BlackTeam "Think Rochade - SC HRO"]

1.d4 Nf6 2.c4 e6 3.g3 d5 4.Bg2 Be7 5.Nf3 O-O 6.O-O dxc4 7.Qc2 a6 8.a4 Bd7 
9.Qxc4 Bc6 10.Bf4 a5 11.Nc3 Nbd7 12.Qd3 Nh5 13.Bd2 Nhf6 14.Bg5 h6 15.Bxf6 
Nxf6 16.e4 Bb4 17.Ne5 Qd6 18.Rfd1 Rfd8 19.Qe3 Nd7 20.Nc4 Qe7 21.d5 Bc5 22.
Qe1 1-0

[Event "LJEM M-V 2025 u16"]
[Site "Malchow"]
[Date "2025.02.02"]
[Round "2.2"]
[White "Chandrasekher, Ritu"]
[Black "Brandt, Mattis"]
[Result "0-1"]
[WhiteElo "1640"]
[BlackElo "1568"]
[Time "08:30:00"]
[WhiteTeam "TuS Makkabi Rostock"]
[BlackTeam "Greifswalder SV"]

1.e4 c5 2.c3 Nf6 3.e5 Nd5 4.d4 e6 5.Nf3 d6 6.c4 Nb4 7.dxc5 dxe5 8.Qa4+ 
N8c6 9.Nxe5 Qd4 10.Nxc6 Nxc6 11.Nc3 Bxc5 12.Qc2 O-O 13.Be3 Qe5 14.O-O-O 
Bxe3+ 15.fxe3 Qxe3+ 16.Kb1 Nb4 17.Qb3 a5 18.a3 e5 19.g3 Bf5+ 20.Ka1 Bc2 
0-1

[Event "LJEM M-V 2025 u16"]
[Site "Malchow"]
[Date "2025.02.02"]
[Round "2.3"]
[White "Peilert, Maximilian"]
[Black "Wrage, Julius"]
[Result "1-0"]
[WhiteElo "1742"]
[BlackElo "1208"]
[Time "08:30:00"]
[WhiteTeam "Think Rochade - SC HRO"]
[BlackTeam "SAV Torgelow-Drögeheide 90"]

1.d4 Nf6 2.c4 g6 3.f3 d6 4.e4 Nbd7 5.Be3 Bg7 6.Nc3 O-O 7.Qd2 e5 8.d5 b6 9.
Nge2 Nc5 10.g4 Bd7 11.Ng3 c6 12.h4 a6 13.h5 Ne8 14.Bh6 Qf6 15.Be2 Bxh6 16.
Qxh6 Qg7 17.Qe3 g5 18.b4 Nb7 19.Qxb6 Nd8 20.dxc6 Bxc6 21.Nf5 Qf6 22.Nd5 
Bxd5 23.cxd5 Ng7 24.Qxd6 Qxd6 25.Nxd6 Rb8 26.a3 Ra8 27.Kd2 f6 28.Rhc1 a5 
29.b5 Nf7 30.Nc4 Rfc8 31.Nb6 Rxc1 32.Rxc1 Rb8 33.Nd7 Rd8 34.Nxf6+ Kh8 35.
Rc7 Nd6 36.h6 1-0

[Event "LJEM M-V 2025 u16"]
[Site "Malchow"]
[Date "2025.02.02"]
[Round "2.6"]
[White "Tank, Julian"]
[Black "Pommerehncke, Marla"]
[Result "1/2-1/2"]
[WhiteElo "1685"]
[BlackElo "1219"]
[Time "08:30:00"]
[WhiteTeam "Think Rochade - SC HRO"]
[BlackTeam "TuS Makkabi Rostock"]

1.e4 e5 2.Nf3 Nc6 3.Bc4 Bc5 4.c3 Nf6 5.d4 exd4 6.e5 d5 7.Bb5 Ne4 8.cxd4 
Bb4+ 9.Bd2 Nxd2 10.Nbxd2 Bd7 11.O-O O-O 12.Bxc6 Bxc6 13.a3 Be7 14.Re1 Bd7 
15.Qb3 Bc6 16.Nf1 b6 17.Rac1 Bb7 18.Ng3 g6 19.h3 Bc8 20.Qc3 c5 21.Red1 Be6
1/2-1/2

[Event "LJEM M-V 2025 u16"]
[Site "Malchow"]
[Date "2025.02.02"]
[Round "2.7"]
[White "Stepanjan, Tatevik Mia"]
[Black "Tadewaldt, Stanley Fiete"]
[Result "1/2-1/2"]
[WhiteElo "1607"]
[BlackElo "1279"]
[Time "08:30:00"]
[WhiteTeam "ESV 1888 Wittenberge"]
[BlackTeam "SAV Torgelow-Drögeheide 90"]

1.e4 c6 2.d4 d5 3.exd5 cxd5 4.Bd3 Nc6 5.c3 g6 6.Bf4 Bg7 7.Nf3 Nh6 8.h3 f6 
9.Qc2 Nf7 10.Bg3 O-O 11.O-O e5 12.dxe5 fxe5 13.Bb5 Bf5 14.Qa4 Qd7 15.Re1 
Rfe8 16.Nh4 Be6 17.Na3 a6 18.Bxc6 Qxc6 19.Qd1 b5 20.Nc2 a5 21.a3 Rac8 22.
Re2 Red8 23.Rc1 d4 24.cxd4 exd4 25.Rd2 Bh6 26.f4 g5 27.Nf3 gxf4 28.Bf2 Ng5
29.Nfxd4 Qe4 30.Re2 Qg6 31.Kh2 f3 32.gxf3 Nxf3+ 33.Kh1 Bxc1 34.Qxc1 Nxd4 
35.Bxd4 Rxd4 36.Rxe6 Qxe6 37.Qg1+ Qg6 38.Qxg6+ hxg6 39.Nxd4 Rc1+ 40.Kg2 
Rb1 41.b3 a4 42.b4 Rb2+ 43.Kg1 Kh7 44.Nxb5 Rc2 45.Nd6 Rc3 46.Nb5 Rxh3 47.
Kg2 Rd3 48.Kf2 Kh6 49.Ke2 Rh3 50.Kd2 g5 51.Nc3 g4 52.b5 Rxc3 53.Kxc3 g3 
54.b6 g2 55.b7 g1=Q 56.b8=Q Qc1+ 57.Kd4 Qxa3 58.Qh2+ Kg5 59.Qg2+ Kf5 60.
Qf2+ Ke6 61.Qe2+ Kd7 62.Qb5+ Kc7 63.Qa5+ Kd7 64.Qd5+ Qd6 65.Qxd6+ Kxd6 66.
Kc4 1/2-1/2

[Event "LJEM M-V 2025 u16"]
[Site "Malchow"]
[Date "2025.02.02"]
[Round "2.8"]
[White "König, Luca"]
[Black "Wellßow, Lio Keanu"]
[Result "1/2-1/2"]
[WhiteElo "1246"]
[BlackElo "1518"]
[Time "08:30:00"]
[WhiteTeam "Think Rochade - SC HRO"]
[BlackTeam "HSG Stralsund"]

1.e4 e6 2.d4 d5 3.Nd2 c5 4.Ngf3 Nc6 5.c3 Qb6 6.exd5 exd5 7.Qe2+ Be6 8.Qb5 
Qxb5 9.Bxb5 Nf6 10.Ne5 Bd7 11.Nxd7 Nxd7 12.Nf3 1/2-1/2

[Event "LJEM M-V 2025 u16"]
[Site "Malchow"]
[Date "2025.02.02"]
[Round "2.9"]
[White "Garde, Edgar Emil"]
[Black "Briese, Paul"]
[Result "0-1"]
[WhiteElo "1214"]
[BlackElo "1607"]
[Time "08:30:00"]
[WhiteTeam "TuS Makkabi Rostock"]
[BlackTeam "SAV Torgelow-Drögeheide 90"]

1.e4 e5 2.f4 d6 3.Bc4 Nf6 4.d3 Nc6 5.Nc3 Bd7 6.Nf3 h6 7.O-O Bg4 8.Be3 exf4
9.Bf2 Ne5 10.Nd5 Nxd5 11.exd5 Be7 12.Bd4 Nxf3+ 13.Rxf3 O-O 14.Rg3 fxg3 15.
Qxg4 gxh2+ 16.Kf2 Bf6 17.Rh1 Bxd4+ 18.Qxd4 Qf6+ 19.Qxf6 gxf6 20.Rxh2 Kg7 
21.Bb5 a6 22.Bd7 Rad8 23.Bf5 Rde8 24.d4 Re7 25.Rh3 Rh8 26.Rg3+ Kf8 27.c4 
c6 28.c5 dxc5 29.d6 Re8 30.dxc5 Re5 31.Bc8 Rxc5 32.Bxb7 Rd5 33.Bxa6 Rxd6 
34.Rb3 Ke7 35.Rb7+ Rd7 36.Rb4 Rhd8 37.Kf3 Rc7 38.Re4+ Kf8 39.b4 Rd2 40.Rc4
Rxa2 41.b5 cxb5 42.Rxc7 Rxa6 43.Rb7 Ra3+ 44.Ke4 Rb3 45.Kf5 Kg7 46.Rb6 Rb2 
47.g4 b4 48.Ke4 b3 49.Kd3 Kg6 50.Rb5 Rg2 51.Rxb3 Rg3+ 52.Kc2 Rxb3 53.Kxb3 
Kg5 54.Kc3 Kxg4 55.Kd3 h5 56.Ke2 f5 57.Kf2 Kf4 58.Kg2 Ke3 59.Kg3 f4+ 0-1

[Event "LJEM M-V 2025 u16"]
[Site "Malchow"]
[Date "2025.02.02"]
[Round "2.10"]
[White "Troschke, Bennet"]
[Black "Baerens, Lennart"]
[Result "1-0"]
[WhiteElo "1387"]
[BlackElo "1131"]
[Time "08:30:00"]
[WhiteTeam "Greifswalder SV"]
[BlackTeam "SF Schwerin"]

1.e4 e5 2.Nc3 Nf6 3.f4 d6 4.Nf3 Nc6 5.Bc4 Be7 6.O-O O-O 7.f5 b6 8.d3 Bb7 
9.a3 Na5 10.Ba2 Nc6 11.Qe1 h6 12.Qg3 Qd7 13.Bxh6 Ne8 14.Nd5 Qd8 15.Bg5 Nf6
16.h4 Nh5 17.Qg4 Bxg5 18.Qxh5 Bf6 19.Ng5 Bxg5 20.hxg5 Ne7 21.g6 1-0

[Event "LJEM M-V 2025 u16"]
[Site "Malchow"]
[Date "2025.02.02"]
[Round "3.2"]
[White "Brandt, Mattis"]
[Black "Peilert, Maximilian"]
[Result "0-1"]
[WhiteElo "1568"]
[BlackElo "1742"]
[Time "14:30:00"]
[WhiteTeam "Greifswalder SV"]
[BlackTeam "Think Rochade - SC HRO"]

1.e4 c6 2.Nc3 d5 3.Nf3 dxe4 4.Nxe4 Nf6 5.Qe2 Nxe4 6.Qxe4 Qa5 7.Bc4 Bf5 8.
Qf4 e6 9.Nd4 Bg6 10.O-O Be7 11.Re1 O-O 12.b3 Bf6 13.Nxe6 fxe6 14.Rxe6 Bf7 
15.Rxf6 gxf6 16.Bb2 Qg5 17.Qd4 Bd5 18.Bxd5+ cxd5 19.Re1 Nc6 20.Qc3 Rae8 
21.Kh1 Rxe1# 0-1

[Event "LJEM M-V 2025 u16"]
[Site "Malchow"]
[Date "2025.02.02"]
[Round "3.3"]
[White "Natsagdorj, Zelme"]
[Black "Grundmann, Max"]
[Result "1-0"]
[WhiteElo "1738"]
[BlackElo "1546"]
[Time "14:30:00"]
[WhiteTeam "SC Mecklenburger Springer"]
[BlackTeam "Think Rochade - SC HRO"]

1.Nf3 d5 2.g3 e6 3.Bg2 c5 4.d3 Nf6 5.O-O Be7 6.Nbd2 Nc6 7.e4 Qc7 8.Re1 O-O
9.Nf1 b5 10.e5 Nd7 11.Bf4 a5 12.h4 b4 13.g4 Re8 14.Qd2 Bf8 15.h5 Ba6 16.g5
g6 17.Ng3 Bg7 18.Qe3 Ne7 19.Nh4 Bb7 20.Bh3 Nf8 21.h6 Bh8 22.Qd2 Red8 23.
Nf3 d4 24.Nh2 Nd5 25.Ng4 Nd7 26.Bg2 Rac8 27.Bxd5 Bxd5 28.b3 Bf3 29.Nf6+ 
Bxf6 30.exf6 e5 31.Bxe5 Nxe5 32.Qf4 Re8 33.Rxe5 Qxe5 34.Qxf3 Qxg5 35.Kf1 
Qxh6 36.Ne4 Re6 37.Re1 Qh5 38.Qg2 Qf5 39.Qh2 Rce8 40.Qh6 1-0

[Event "LJEM M-V 2025 u16"]
[Site "Malchow"]
[Date "2025.02.02"]
[Round "3.4"]
[White "Pommerehncke, Marla"]
[Black "Chandrasekher, Ritu"]
[Result "0-1"]
[WhiteElo "1219"]
[BlackElo "1640"]
[Time "14:30:00"]
[WhiteTeam "TuS Makkabi Rostock"]
[BlackTeam "TuS Makkabi Rostock"]

1.d4 d5 2.Nf3 Nf6 3.Bf4 c5 4.c3 Nc6 5.e3 Qb6 6.b3 Bg4 7.h3 Bf5 8.Nbd2 e6 
9.Nh4 Be4 10.Nxe4 Nxe4 11.Qc2 cxd4 12.exd4 Rc8 13.Qd3 Qa5 14.Bd2 Ba3 15.b4
Qa4 16.Qb1 Nxd2 17.Kxd2 O-O 18.Qb3 b5 19.Qxa4 bxa4 20.Bb5 a5 21.bxa5 Nxa5 
22.Rab1 Nc4+ 23.Bxc4 Rxc4 24.Rb5 Rfc8 25.Ra5 Rxc3 26.Rxa4 Rc2+ 27.Ke3 
R8c3+ 28.Kf4 Rxf2+ 29.Kg4 f5+ 30.Kh5 g6+ 31.Kg5 Be7+ 32.Kh6 Bxh4 33.Ra8+ 
Kf7 34.Kxh7 Rc7 35.a4 Rb2 36.a5 Rbb7 37.Ra1 Kf6+ 38.Kh8 Rh7+ 39.Kg8 Rbg7+ 
0-1

[Event "LJEM M-V 2025 u16"]
[Site "Malchow"]
[Date "2025.02.02"]
[Round "3.6"]
[White "Wrage, Julius"]
[Black "Troschke, Bennet"]
[Result "1-0"]
[WhiteElo "1208"]
[BlackElo "1387"]
[Time "14:30:00"]
[WhiteTeam "SAV Torgelow-Drögeheide 90"]
[BlackTeam "Greifswalder SV"]

1.e4 e6 2.d3 d5 3.Nd2 Bc5 4.g3 Nc6 5.Bg2 dxe4 6.Nxe4 Bb6 7.Nf3 Nge7 8.O-O 
Ng6 9.Qe2 O-O 10.Be3 f5 11.Ned2 f4 12.Bxb6 axb6 13.a3 Nd4 14.Nxd4 Qxd4 15.
c3 Qf6 16.Ne4 Qf5 17.f3 fxg3 18.hxg3 Ne7 19.f4 e5 20.fxe5 Qxe5 21.Rxf8+ 
Kxf8 22.Rf1+ Kg8 23.d4 Qe6 24.Qh5 Bd7 25.Ng5 Qg6 26.Qxg6 Nxg6 27.Bd5+ Kh8 
28.Nf7+ Kg8 29.Ne5+ Kh8 30.Nxd7 Rd8 31.Rf7 c6 32.Bc4 b5 33.Bb3 h5 34.Nc5 
Re8 35.Rf5 Nf8 36.Rxh5+ Nh7 37.g4 g6 38.Rh6 Kg7 39.Rh2 Ng5 40.Kf2 Rf8+ 41.
Ke2 b6 42.Ne6+ Nxe6 43.Bxe6 Re8 44.Kd3 Rxe6 45.g5 Re1 46.Re2 Rxe2 47.Kxe2 
Kf7 48.Ke3 Ke6 49.Ke4 Kd6 50.b3 Ke6 51.c4 bxc4 52.bxc4 Kd6 53.a4 Ke6 54.
d5+ Kd6 55.dxc6 Kxc6 56.Ke5 Kc5 57.Kf6 Kxc4 58.Kxg6 Kb4 59.Kf6 Kxa4 60.g6 
b5 61.g7 b4 62.g8=Q Ka3 63.Qa8+ Kb2 64.Ke5 b3 65.Kd4 Kc2 66.Qc6+ Kb1 67.
Kc3 Ka2 68.Qg2+ Ka1 69.Qb2# 1-0

[Event "LJEM M-V 2025 u16"]
[Site "Malchow"]
[Date "2025.02.02"]
[Round "3.7"]
[White "Wellßow, Lio Keanu"]
[Black "Eschrig, Immanuel"]
[Result "0-1"]
[WhiteElo "1518"]
[BlackElo "1701"]
[Time "14:30:00"]
[WhiteTeam "HSG Stralsund"]
[BlackTeam "Greifswalder SV"]

1.d4 Nc6 2.Nf3 d6 3.e4 e5 4.Be3 Bg4 5.Bb5 Qd7 6.Nc3 a6 7.Ba4 b5 8.Bb3 Bxf3
9.Qxf3 exd4 10.Nd5 dxe3 11.Qxe3 Nge7 12.Qc3 Nxd5 13.Bxd5 b4 14.Qxc6 Rd8 
15.Qxa6 Qc8 16.Qb5+ Ke7 17.Qxb4 Qg4 18.O-O g6 19.Qc3 Bh6 20.Qxc7+ Rd7 21.
Qc3 Rg8 22.Rae1 Bg7 23.Qb3 Rf8 24.a4 Be5 25.a5 Qh4 26.g3 Qh3 27.a6 f5 28.
a7 f4 29.a8=Q f3 30.Qxf8+ Kxf8 31.Qb8+ Ke7 0-1

[Event "LJEM M-V 2025 u16"]
[Site "Malchow"]
[Date "2025.02.02"]
[Round "3.8"]
[White "Tadewaldt, Stanley Fiete"]
[Black "Tank, Julian"]
[Result "0-1"]
[WhiteElo "1279"]
[BlackElo "1685"]
[Time "14:30:00"]
[WhiteTeam "SAV Torgelow-Drögeheide 90"]
[BlackTeam "Think Rochade - SC HRO"]

1.e4 c5 2.c3 d5 3.exd5 Qxd5 4.d4 cxd4 5.cxd4 Nc6 6.Nf3 e5 7.Nc3 Bb4 8.Bd2 
Bxc3 9.Bxc3 e4 10.Ne5 Nxe5 11.dxe5 Qc6 12.Be2 Be6 13.O-O Ne7 14.Rc1 Rd8 
15.Qe1 b6 16.Bb4 Qb7 17.Bb5+ Bd7 18.Qe2 Bxb5 19.Qxb5+ Qd7 20.Qxd7+ Rxd7 
21.Rfe1 O-O 22.Rxe4 Rfd8 23.h3 Ng6 24.f4 a5 25.Bd6 Re8 26.Rc6 Rb7 27.Bc7 
Rc8 28.Rd4 Rbxc7 29.Rxc7 Rxc7 30.f5 Nf8 31.Rd6 Rc5 32.e6 fxe6 33.fxe6 Re5 
34.Rxb6 Nxe6 35.a3 Kf7 36.b4 Re3 37.b5 Rxa3 38.Rb7+ Kf6 39.b6 Rb3 40.Ra7 
Rxb6 41.Rxa5 Rb2 42.Kh2 Nf4 43.Ra6+ Kg5 44.Ra7 Kh6 45.Ra6+ g6 46.Kh1 Nxg2 
47.Ra4 Ne1 48.Rf4 Nd3 49.Rf3 Nf2+ 50.Kg1 Ne4 51.Re3 Rb4 52.Kg2 Ng5 53.Kg3 
Rc4 54.Rd3 Rc3 55.Rxc3 Ne4+ 56.Kg4 Nxc3 57.Kh4 g5+ 58.Kg4 Kg6 59.h4 h5+ 
60.Kh3 g4+ 61.Kg3 Kf5 62.Kg2 Kf4 63.Kf2 g3+ 64.Kg2 Kg4 65.Kg1 Kxh4 66.Kg2 
Kg4 67.Kg1 h4 68.Kg2 h3+ 69.Kg1 Kf3 70.Kh1 g2+ 0-1

[Event "LJEM M-V 2025 u16"]
[Site "Malchow"]
[Date "2025.02.02"]
[Round "3.9"]
[White "König, Luca"]
[Black "Stepanjan, Tatevik Mia"]
[Result "0-1"]
[WhiteElo "1246"]
[BlackElo "1607"]
[Time "14:30:00"]
[WhiteTeam "Think Rochade - SC HRO"]
[BlackTeam "ESV 1888 Wittenberge"]

1.e4 c5 2.Nf3 Nc6 3.d4 cxd4 4.Nxd4 a6 5.Nc3 e6 6.Nxc6 bxc6 7.Bf4 Bb4 8.Qf3
Nf6 9.e5 Nd5 10.Bd2 Qa5 11.a3 Nxc3 12.Qe3 Nd5 13.Bxb4 Nxb4 14.Qc3 Nxc2+ 
0-1

[Event "LJEM M-V 2025 u16"]
[Site "Malchow"]
[Date "2025.02.02"]
[Round "3.10"]
[White "Baerens, Lennart"]
[Black "Garde, Edgar Emil"]
[Result "1/2-1/2"]
[WhiteElo "1131"]
[BlackElo "1214"]
[Time "14:30:00"]
[WhiteTeam "SF Schwerin"]
[BlackTeam "TuS Makkabi Rostock"]

1.Nf3 d5 2.d4 Bf5 3.g3 Nf6 4.Bg2 e6 5.O-O c5 6.c3 Bd6 7.Bg5 Nbd7 8.Nbd2 h6
9.Bxf6 Nxf6 10.Qa4+ Qd7 11.Qxd7+ Nxd7 12.Rfe1 Nb6 13.e4 dxe4 14.Nxe4 Bxe4 
15.Rxe4 O-O 16.Nd2 cxd4 17.Rxd4 Be5 18.Re4 Rad8 19.Rxe5 Rxd2 20.Rb5 Na4 
21.Rb1 b6 22.Rb4 Nc5 23.Rd4 Rxd4 24.cxd4 Nd3 25.Be4 Nb4 26.a3 Na6 1/2-1/2

[Event "LJEM M-V 2025 u16"]
[Site "Malchow"]
[Date "2025.02.03"]
[Round "4.1"]
[White "Herrmann, Jakob"]
[Black "Natsagdorj, Zelme"]
[Result "1-0"]
[WhiteElo "2255"]
[BlackElo "1738"]
[Time "08:30:00"]
[WhiteTeam "SAV Torgelow-Drögeheide 90"]
[BlackTeam "SC Mecklenburger Springer"]

1.d4 d5 2.c4 c6 3.Nc3 Nf6 4.e3 g6 5.Nf3 Bg7 6.Bd3 e6 7.O-O Nbd7 8.cxd5 
exd5 9.Qc2 O-O 10.h3 b6 11.b3 Bb7 12.Bb2 Re8 13.Rad1 c5 14.Bb5 a6 15.Bxd7 
Nxd7 16.dxc5 Nxc5 17.Ne2 Rc8 18.Bxg7 Kxg7 19.Nf4 Ne4 20.Qb2+ Kg8 21.Rd3 a5
22.Rfd1 Rc5 23.a3 Nf6 24.b4 axb4 25.axb4 Rc4 26.Nd4 Qd6 27.b5 Ra8 28.f3 
Rb4 29.Qf2 Kf8 30.Qh4 Qe5 31.Nfe6+ Kg8 32.f4 Qe4 33.Qxf6 fxe6 34.Nxe6 Qxe6
35.Qxe6+ Kh8 36.Rxd5 Bxd5 37.Qe5+ 1-0